[Event "Titled Tue 24th Jun Late"]
[Site "chess.com INT"]
[Date "2025.06.24"]
[Round "2"]
[White "Atoyan, Alberto"]
[Black "Tang, Austin"]
[Result "0-1"]
[WhiteTitle "CM"]
[WhiteElo "2266"]
[BlackElo "1979"]
[WhiteFideId "13314831"]
[BlackFideId "30964580"]
[EventDate "2025.06.24"]

1. e4 c5 2. d4 cxd4 3. Qxd4 Nc6 4. Qd3 g6 5. Nc3 Bg7 6. Nf3 d6 7. Be2 Nf6 8. O-O
O-O 9. Nd5 Nxd5 10. exd5 Bf5 11. Qd1 Ne5 12. Nxe5 dxe5 13. c3 e4 14. Be3 Qd6 15.
Qb3 e6 16. c4 exd5 17. cxd5 Rfd8 18. Rfd1 Rac8 19. Bxa7 e3 20. Qxe3 Bxb2 21. Bd4
Re8 22. Qf3 Bxd4 23. Rxd4 Qe5 24. Rad1 Qxe2 25. Qxe2 Rxe2 26. d6 Rd8 27. a4 Bc2
28. Rc1 Re4 29. Rd2 Bxa4 30. f3 Re6 31. Rc4 Bc6 32. Rcd4 f5 33. Kf2 Kf7 34. Kg3
Rd7 35. Kf4 Kf6 36. h4 h6 37. g4 g5+ 38. hxg5+ hxg5+ 39. Kg3 f4+ 40. Kf2 Ke5 41.
Rc4 Rexd6 42. Rc5+ Kf6 43. Rf5+ Kg6 44. Re2 Rf6 45. Rc5 b6 46. Rc3 Rd5 47. Re7
Rc5 48. Rd3 Rd5 49. Ra3 Rd7 50. Re5 Rfd6 51. Ra1 Rd2+ 52. Kg1 Rd1+ 53. Rxd1
Rxd1+ 54. Kh2 Rd2+ 55. Kh3 Rd6 56. Re7 Bxf3 57. Re8 Bc6 58. Rg8+ Kf6 59. Rf8+
Kg7 60. Rf5 Kg6 61. Rf8 f3 62. Kg3 Rf6 63. Rg8+ Kf7 0-1

[Event "Titled Tue 24th Jun Late"]
[Site "chess.com INT"]
[Date "2025.06.24"]
[Round "2"]
[White "Nihal, Sarin"]
[Black "Risteski, Emil"]
[Result "0-1"]
[WhiteTitle "GM"]
[BlackTitle "IM"]
[WhiteElo "2696"]
[BlackElo "2374"]
[WhiteFideId "25092340"]
[BlackFideId "15005267"]
[EventDate "2025.06.24"]

1. d4 d6 2. e4 Nf6 3. Nc3 e5 4. Nge2 c6 5. g3 b5 6. a3 Nbd7 7. Bg2 Be7 8. O-O
O-O 9. h3 h5 10. f4 a5 11. Kh2 Bb7 12. b3 Re8 13. Be3 b4 14. axb4 axb4 15. Rxa8
Qxa8 16. Na4 exd4 17. Nxd4 c5 18. Nb5 Qb8 19. c4 Bf8 20. e5 Bxg2 21. Kxg2 dxe5
22. f5 Qb7+ 23. Kh2 Qc6 24. Qd2 e4 25. Bf4 Ne5 26. Bxe5 Rxe5 27. Qe3 Qd7 28. Qf4
Qd3 29. Re1 Rxf5 30. Qe3 Rf3 31. Qxd3 Rxd3 32. Rb1 Rd2+ 33. Kg1 e3 34. Nb6 Ne4
35. Re1 e2 36. Kg2 Rb2 37. Nd5 f5 38. Nf4 Rxb3 39. Nxh5 g6 40. Nf4 Rxg3+ 41. Kh2
Bh6 42. Nd5 Rd3 43. Rxe2 Rd2 44. Rg2 b3 45. Na3 b2 46. Rxd2 Nxd2 47. Nb1 Nxb1 0-1

[Event "Titled Tue 24th Jun Late"]
[Site "chess.com INT"]
[Date "2025.06.24"]
[Round "2"]
[White "Zlatin, Alexander"]
[Black "Wagner, Dennis"]
[Result "0-1"]
[WhiteTitle "FM"]
[BlackTitle "GM"]
[WhiteElo "2313"]
[BlackElo "2619"]
[WhiteFideId "2810549"]
[BlackFideId "24650684"]
[EventDate "2025.06.24"]

1. e4 c6 2. Nc3 d5 3. Nf3 Bg4 4. h3 Bxf3 5. Qxf3 e6 6. d3 Nd7 7. Bd2 Qb6 8.
O-O-O d4 9. Nb1 a5 10. g4 Bd6 11. h4 Ne7 12. g5 c5 13. h5 Ne5 14. Qg2 O-O-O 15.
f4 N5c6 16. Na3 Qa6 17. Be2 b5 18. Bf3 c4 19. dxc4 bxc4 20. Nb1 Nb4 21. Bxb4
axb4 22. e5 Bc5 23. b3 c3 24. Rd3 Qxa2 25. Ba8 Qb2+ 26. Kd1 Qxb1+ 27. Ke2 Qxc2+
28. Ke1 Qxg2 29. Bxg2 Nf5 30. Ke2 Kc7 31. Ra1 Kb6 32. Ra2 Rd7 33. Rd1 Ra7 34.
Rxa7 Kxa7 35. Ra1+ Kb6 36. Kd3 Rd8 37. g6 hxg6 38. hxg6 fxg6 39. Be4 Rh8 40. Kc4
Ne3+ 41. Kd3 Rh3 42. Ke2 Rh2+ 43. Kf3 c2 44. Bxg6 Rd2 45. Bd3 Rxd3 46. Ke4 Rxb3
47. f5 exf5+ 48. Kf4 Rb1 49. Ra8 c1=Q 50. e6 Nd5+ 51. Kg3 Qf4+ 52. Kh3 Rh1+ 53.
Kg2 Rh2+ 0-1

[Event "Titled Tue 24th Jun Late"]
[Site "chess.com INT"]
[Date "2025.06.24"]
[Round "2"]
[White "Gogolev, Artem"]
[Black "Swara Lakshmi S Nair"]
[Result "1-0"]
[WhiteTitle "IM"]
[BlackTitle "WCM"]
[WhiteElo "2240"]
[BlackElo "2187"]
[WhiteFideId "4116615"]
[BlackFideId "25629239"]
[EventDate "2025.06.24"]

1. d4 Nf6 2. c4 g6 3. Nf3 Bg7 4. Nc3 d5 5. cxd5 Nxd5 6. e4 Nxc3 7. bxc3 c5 8.
Bb5+ Nc6 9. O-O cxd4 10. cxd4 O-O 11. Bxc6 bxc6 12. Qc2 Bg4 13. Ne5 Bd7 14. Ba3
Re8 15. Rfd1 Rc8 16. Bc5 Qc7 17. Rac1 Be6 18. Qa4 f6 19. Nd3 f5 20. e5 a5 21.
Nf4 Qd7 22. Qxa5 Ra8 23. Qd2 Rxa2 24. Qc3 Raa8 25. h3 Bd5 26. Ra1 Bh6 27. Nxd5
cxd5 28. e6 Qxe6 29. Rxa8 Rxa8 30. Re1 Qc6 31. Rxe7 Bf8 32. Re3 Bxc5 33. dxc5
Rc8 34. Qe5 Qxc5 35. Qe6+ Kg7 36. h4 Qc1+ 37. Kh2 Qc7+ 38. g3 Rd8 39. Qa6 Rd7
40. Qa3 d4 41. Rd3 Qb7 42. Qa4 Qe4 43. Qxd7+ Kh6 44. Qxd4 Qe1 45. Qe3+ f4 46.
Qxe1 1-0

[Event "Titled Tue 24th Jun Late"]
[Site "chess.com INT"]
[Date "2025.06.24"]
[Round "2"]
[White "Kodihalli, Kaustubh"]
[Black "Viana, Dirceu"]
[Result "1-0"]
[BlackTitle "FM"]
[WhiteElo "2038"]
[BlackElo "2188"]
[WhiteFideId "30956455"]
[BlackFideId "2101360"]
[EventDate "2025.06.24"]

1. e4 e5 2. Nf3 d6 3. d4 exd4 4. Nxd4 Nf6 5. Nc3 Be7 6. Bc4 O-O 7. O-O Re8 8.
Nf3 Bf8 9. Re1 Nbd7 10. a4 Ne5 11. Nxe5 Rxe5 12. Bf4 Re8 13. Qf3 Bg4 14. Qg3 Be6
15. Bxe6 Rxe6 16. Rad1 Nh5 17. Qe3 Nxf4 18. Qxf4 c6 19. Qe3 Qb6 20. Qxb6 axb6
21. b3 g6 22. f3 Bg7 23. Ne2 Be5 24. Kf2 Ra5 25. Rd3 b5 26. axb5 Rxb5 27. Red1
Ra5 28. R1d2 f5 29. exf5 gxf5 30. f4 Bf6 31. Rxd6 Kf7 32. Rd7+ Re7 33. Kf3 Ra2
34. Rxe7+ Kxe7 35. Ng3 Ra5 36. Nf1 Bc3 37. Re2+ Kf6 38. Ne3 Bb4 39. Nc4 Rd5 40.
h3 h5 41. g4 hxg4+ 42. hxg4 fxg4+ 43. Kxg4 Bc3 44. Rh2 b5 45. Ne3 Rd2 46. Rh6+
Kg7 47. Nf5+ Kf7 48. Rxc6 b4 49. Ne3 Re2 50. Kf3 Rh2 51. Nd5 Rxc2 52. Nxb4 1-0

[Event "Titled Tue 24th Jun Late"]
[Site "chess.com INT"]
[Date "2025.06.24"]
[Round "2"]
[White "Koellner, Ruben Gideon"]
[Black "Gubajdullin, Alexei"]
[Result "1-0"]
[WhiteTitle "IM"]
[BlackTitle "FM"]
[WhiteElo "2503"]
[BlackElo "2233"]
[WhiteFideId "12993093"]
[BlackFideId "4141202"]
[EventDate "2025.06.24"]

1. Nf3 Nf6 2. d4 g6 3. Nbd2 Bg7 4. e4 d6 5. Bc4 O-O 6. O-O Nc6 7. c3 e5 8. dxe5
Nxe5 9. Nxe5 dxe5 10. a4 a5 11. Qe2 b6 12. b3 Bb7 13. Rd1 Nd7 14. Nf3 Qe7 15.
Ba3 Nc5 16. Qe3 h6 17. Bxc5 bxc5 18. Bd5 c6 19. Bc4 Rfd8 20. Ne1 Rxd1 21. Rxd1
Bf8 22. Qd3 Bc8 23. Qd8 Kg7 24. g3 Qxd8 25. Rxd8 Be7 26. Re8 Bf6 27. Nd3 Bb7 28.
Rxa8 Bxa8 29. Nxc5 Be7 30. Nd7 Bd6 31. Ba6 c5 32. f3 f5 33. Nb6 Bc6 34. Bb5 Bb7
35. Bd3 g5 36. Kf2 g4 37. fxg4 fxe4 38. Bc4 Bc7 39. Nd5 Bxd5 40. Bxd5 Bd8 41.
Bxe4 Bg5 42. Ke2 Kf6 43. Kd3 Bc1 44. Kc4 Bd2 45. Kd3 Be1 46. Bf5 Kg7 47. b4 cxb4
48. c4 Bf2 49. Ke4 Kf6 50. Kd5 h5 51. c5 b3 52. c6 Bb6 53. Be4 hxg4 54. Kd6 b2
55. c7 Bxc7+ 56. Kxc7 Ke6 57. Kc6 1-0

[Event "Titled Tue 24th Jun Late"]
[Site "chess.com INT"]
[Date "2025.06.24"]
[Round "2"]
[White "Smirnov, Alexandr A."]
[Black "Salinas Herrera, Pablo"]
[Result "1-0"]
[WhiteTitle "FM"]
[BlackTitle "GM"]
[WhiteElo "2136"]
[BlackElo "2447"]
[WhiteFideId "24104396"]
[BlackFideId "3407128"]
[EventDate "2025.06.24"]

1. e4 e5 2. Nf3 Nc6 3. Bc4 Bc5 4. O-O Nf6 5. d4 Bxd4 6. Nxd4 Nxd4 7. Bg5 h6 8.
Bh4 d6 9. c3 Ne6 10. Nd2 g5 11. Bg3 h5 12. h4 Ng4 13. Nf3 f6 14. Qd2 Nf4 15.
Rfd1 Qe7 16. b4 Be6 17. Bxe6 Nxe6 18. a4 Rg8 19. Ra3 Nf4 20. a5 a6 21. c4 Qe6
22. Rc1 Nh6 23. b5 Nf7 24. bxa6 bxa6 25. c5 Kf8 26. cxd6 cxd6 27. Rc7 Rg7 28.
Rac3 Kg8 29. Rb7 Rc8 30. Kf1 Rxc3 31. Qxc3 d5 32. Rb8+ Kh7 33. exd5 Qxd5 34.
Bxf4 gxf4 35. Qc8 Qxa5 36. Qf5+ Rg6 37. Qxh5+ Kg7 38. Rg8+ Kxg8 39. Qxg6+ Kf8
40. Qxf6 Qa1+ 41. Ne1 Qd4 42. h5 a5 43. h6 Qc4+ 44. Kg1 Qe4 45. Nf3 Qb1+ 46. Kh2
Qe4 47. Qg7+ Ke7 48. Ng5 Qf5 49. h7 Qf6 50. Qxf6+ Kxf6 51. Nxf7 1-0

[Event "Titled Tue 24th Jun Late"]
[Site "chess.com INT"]
[Date "2025.06.24"]
[Round "2"]
[White "Weisz, Bryan"]
[Black "Zhou, Abigail"]
[Result "0-1"]
[BlackTitle "WCM"]
[WhiteElo "2059"]
[BlackElo "1780"]
[WhiteFideId "30934133"]
[BlackFideId "39922081"]
[EventDate "2025.06.24"]

1. e4 e6 2. Ke2 d5 3. exd5 exd5 4. Ke1 Nf6 5. Ne2 Bd6 6. d4 O-O 7. f3 Re8 8. Kf2
c5 9. c3 Nc6 10. Be3 Qb6 11. dxc5 Bxc5 12. Bxc5 Qxc5+ 13. Nd4 Bd7 14. Na3 Re7
15. Nc2 Rae8 16. Bd3 Nh5 17. g3 f5 18. Qd2 f4 19. g4 Nf6 20. Qxf4 Ne5 21. Be2
Nexg4+ 22. Kf1 Rxe2 23. b4 Qb6 24. fxg4 R2e4 25. Qd2 Bb5+ 26. Kg2 Re2+ 27. Nxe2
Rxe2+ 28. Qxe2 Bxe2 29. Nd4 Bxg4 30. Rae1 Qc7 31. Rhf1 Qxc3 32. Nb5 Bh3+ 33. Kg1
Qxb4 34. Nc7 Qb6+ 35. Kh1 Qxc7 36. Rg1 Qf4 37. Rg3 Bf5 38. a4 Be4+ 39. Kg1 Nh5
40. Rf1 Qe5 41. Rg4 Nf6 42. Rg3 Qd4+ 43. Rf2 Qa1+ 44. Rf1 Qxa4 45. Rxf6 Qa1+ 46.
Rf1 Qd4+ 47. Rf2 a5 48. h4 a4 49. h5 h6 50. Rg4 a3 51. Rg3 a2 52. Kh2 Qxf2+ 53.
Kh3 a1=Q 54. Rxg7+ Kxg7 55. Kg4 Qag1+ 56. Kh3 Qgg2# 0-1

[Event "Titled Tue 24th Jun Late"]
[Site "chess.com INT"]
[Date "2025.06.24"]
[Round "2"]
[White "Grutter, Tim"]
[Black "Martinez Fernandez, Adrian"]
[Result "1-0"]
[WhiteTitle "IM"]
[BlackTitle "IM"]
[WhiteElo "2404"]
[BlackElo "2404"]
[WhiteFideId "1057472"]
[BlackFideId "32049048"]
[EventDate "2025.06.24"]

1. e4 c5 2. Nf3 e6 3. c3 Nf6 4. e5 Nd5 5. d4 cxd4 6. cxd4 Nc6 7. a3 Be7 8. Bd3
h6 9. Qe2 b6 10. Nbd2 Nf4 11. Qf1 Nxd3+ 12. Qxd3 d5 13. b4 Bd7 14. O-O a6 15.
Bb2 Nb8 16. Rfc1 Bb5 17. Qb3 O-O 18. a4 Be2 19. Rc2 Nd7 20. Re1 Bxf3 21. Nxf3
Re8 22. Rec1 Nf8 23. Rc7 Ng6 24. R1c6 Bf8 25. g3 Ne7 26. Rc1 Nf5 27. Rb7 Re7 28.
Rxe7 Qxe7 29. b5 axb5 30. Qxb5 Qb4 31. Qxb4 Bxb4 32. Rc6 Ra6 33. Rc8+ Kh7 34.
Rb8 h5 35. Kg2 Be7 36. h3 g5 37. g4 hxg4 38. hxg4 Nh6 39. Kg3 Kg6 40. Bc3 Rxa4
41. Rxb6 Rc4 42. Bb2 Rc2 43. Rb7 Ng8 44. Rb3 Bf8 45. Bc3 Ne7 46. Bd2 Nc6 47.
Bxg5 Nxd4 48. Nxd4 Kxg5 49. Nxc2 d4 50. f4+ Kg6 51. Nxd4 f6 52. exf6 Kxf6 53.
Nf3 Bc5 54. Rc3 Bd6 55. Rd3 Bc7 56. Ne5 Bb8 57. Kf3 Bxe5 58. fxe5+ Kxe5 59. Re3+ 1-0

[Event "Titled Tue 24th Jun Late"]
[Site "chess.com INT"]
[Date "2025.06.24"]
[Round "2"]
[White "Damaraju, Ashwin"]
[Black "Hansen, Eric"]
[Result "1/2-1/2"]
[BlackTitle "GM"]
[WhiteElo "2084"]
[BlackElo "2609"]
[WhiteFideId "39908348"]
[BlackFideId "2606771"]
[EventDate "2025.06.24"]

1. e4 c5 2. Nc3 e6 3. d4 cxd4 4. Qxd4 Nc6 5. Qd3 Nf6 6. Bf4 d5 7. O-O-O d4 8.
Nb5 e5 9. Bxe5 Nxe5 10. Qg3 Nfd7 11. Nf3 Be7 12. Nxe5 O-O 13. Nxd7 Bxd7 14. Nxd4
Qb6 15. Bc4 Rac8 16. Bb3 a5 17. a4 Rc5 18. Qf3 Bf6 19. Kb1 Bxa4 20. Bxa4 Rc4 21.
Bb3 Bxd4 22. Qd3 Rb4 23. Rd2 a4 24. c3 Bxc3 25. Qxc3 Rxb3 26. Qd4 Qb5 27. Qd5
Qb4 28. Qd4 Qb5 29. Qd5 Qb6 30. Qd4 Qg6 31. Qxa4 Qxg2 32. Re1 Rb6 33. Qd4 Ra6
34. Rc1 h6 35. Rc7 Qxh2 36. Rxb7 Rfa8 37. b4 Qf4 38. Rd7 Ra1+ 39. Qxa1 Qxe4+ 40.
Kb2 Rxa1 41. Kxa1 Qxb4 42. Rd8+ Kh7 43. R8d3 h5 44. Rb2 Qa4+ 45. Ra2 Qc4 46. Rd1
h4 47. f4 Qxf4 48. Rh1 g5 49. Rb2 Kg6 50. Re1 h3 51. Kb1 g4 52. Rb6+ f6 53. Rb3
h2 54. Rb2 h1=Q 55. Rxh1 Qe4+ 56. Ka2 Qxh1 57. Rb3 Qd5 58. Kb2 Qxb3+ 59. Ka1 g3 1/2-1/2

[Event "Titled Tue 24th Jun Late"]
[Site "chess.com INT"]
[Date "2025.06.24"]
[Round "2"]
[White "Bacrot, Etienne"]
[Black "Gomes, Luiz Alexandre de Souza"]
[Result "1-0"]
[WhiteTitle "GM"]
[BlackTitle "FM"]
[WhiteElo "2633"]
[BlackElo "2254"]
[WhiteFideId "605506"]
[BlackFideId "2102790"]
[EventDate "2025.06.24"]

1. e4 c5 2. Nf3 d6 3. Bb5+ Nc6 4. O-O Bd7 5. Re1 a6 6. Bxc6 bxc6 7. d4 cxd4 8.
Nxd4 e5 9. Nb3 Nf6 10. c4 Be7 11. Nc3 O-O 12. h3 Be6 13. Qe2 Rb8 14. Rd1 Qc7 15.
Nd2 Rfd8 16. Nf3 h6 17. b3 Nd7 18. Ba3 Nc5 19. Bxc5 dxc5 20. Rxd8+ Rxd8 21. Rd1
Rd4 22. Nxd4 cxd4 23. Na4 c5 24. Nb2 a5 25. Nd3 Bd6 26. Rf1 g5 27. Rd1 Kg7 28.
Nc1 Qb7 29. Qd2 Bc7 30. Qc2 f6 31. Ne2 h5 32. Ng3 h4 33. Ne2 Bf7 34. f3 Be8 35.
Nc1 Qa6 36. Nd3 Bd6 37. Rb1 Bf7 38. Qb2 Kg6 39. Qa3 Qb6 40. Qa4 Qc7 41. Qb5 Kg7
42. a3 Kf8 43. b4 Be8 44. Qa6 cxb4 45. c5 Be7 46. axb4 axb4 47. Rxb4 Bc6 48. Rb6
Be8 49. Rxf6+ Bxf6 50. Qxf6+ Kg8 51. Qxe5 Qxe5 52. Nxe5 Kf8 53. Kf2 Ke7 54. Ke2
Ke6 55. Nd3 Bb5 56. Kd2 Kd7 57. f4 gxf4 58. Nxf4 Kc6 59. Nd3 Ba6 60. Nb4+ Kb5
61. Nxa6 Kxa6 62. Kd3 1-0

[Event "Titled Tue 24th Jun Late"]
[Site "chess.com INT"]
[Date "2025.06.24"]
[Round "2"]
[White "Salonen, Aku"]
[Black "Svane, Rasmus"]
[Result "1-0"]
[WhiteTitle "FM"]
[BlackTitle "GM"]
[WhiteElo "2330"]
[BlackElo "2626"]
[WhiteFideId "517577"]
[BlackFideId "4657101"]
[EventDate "2025.06.24"]

1. e4 c6 2. d4 d5 3. exd5 cxd5 4. Bd3 Nf6 5. c3 Nc6 6. h3 g6 7. Nf3 Bf5 8. O-O
Bxd3 9. Qxd3 e6 10. Bf4 Bd6 11. Bxd6 Qxd6 12. Nbd2 O-O 13. Rfe1 Nd7 14. a4 a6
15. a5 Qc7 16. Nb3 Rad8 17. h4 h5 18. g3 Kg7 19. Kg2 Rfe8 20. Ra4 Re7 21. Ng5
Rde8 22. Qf3 Qd6 23. Rd1 Qc7 24. Qd3 Nf6 25. Qf3 e5 26. dxe5 Nxe5 27. Qf4 Qc6
28. Rad4 Nc4 29. R1d3 Re2 30. Rf3 Ne3+ 31. Kh2 Neg4+ 32. Kg2 R8e4 33. Qb8 Qb5
34. Rb4 Rxb4 35. cxb4 d4 36. Qc7 Qd5 37. Nxd4 Rxf2+ 38. Kg1 Rxf3 39. Nde6+ Qxe6
40. Nxe6+ Kg8 41. Qb8+ Kh7 42. Ng5+ Kg7 43. Nxf3 Ne4 44. Qxb7 Nxg3 45. Ng5 Ne5
46. Qxa6 Ne2+ 47. Kf2 Nd4 48. Qb6 Ng4+ 49. Ke1 Nf5 50. a6 Ne5 51. a7 Nd4 52.
Qxd4 1-0

[Event "Titled Tue 24th Jun Late"]
[Site "chess.com INT"]
[Date "2025.06.24"]
[Round "2"]
[White "Sroczynski, Maciej"]
[Black "Marin Posada, Sebastian"]
[Result "0-1"]
[WhiteTitle "FM"]
[BlackTitle "FM"]
[WhiteElo "2236"]
[BlackElo "2246"]
[WhiteFideId "1121472"]
[BlackFideId "4402782"]
[EventDate "2025.06.24"]

1. d4 d5 2. c4 c6 3. Nf3 Nf6 4. e3 a6 5. Bd3 Bg4 6. h3 Bxf3 7. Qxf3 e6 8. O-O
Nbd7 9. Nc3 Bd6 10. e4 dxc4 11. Bxc4 e5 12. Be3 O-O 13. d5 b5 14. Bb3 c5 15. Ne2
c4 16. Bc2 h6 17. Ng3 Bc5 18. Nf5 Kh7 19. Rad1 Bxe3 20. Qxe3 Qb6 21. Qe2 g6 22.
Ne3 Kg7 23. f4 Rae8 24. f5 g5 25. Kh1 Nc5 26. Qf3 Nh7 27. Rfe1 Nd7 28. d6 Qc5
29. a3 Nhf6 30. Nf1 Kh7 31. Rd2 Rg8 32. g4 Rh8 33. Ng3 Kg7 34. Kg2 Rh7 35. Bd1
Reh8 36. Qf2 Rd8 37. Qf3 Nb6 38. Be2 a5 39. Red1 b4 40. axb4 axb4 41. Qf1 c3 42.
bxc3 bxc3 43. Rc2 Rxd6 44. Rxd6 Qxd6 45. Rxc3 Nbd7 46. Qc1 Rh8 47. Rc6 Qe7 48.
Bc4 Rb8 49. Rc7 Qb4 50. Qc2 Qb6 51. Ba2 Qd4 52. Rc4 Rb2 0-1

[Event "Titled Tue 24th Jun Late"]
[Site "chess.com INT"]
[Date "2025.06.24"]
[Round "2"]
[White "Burovic, Rijad"]
[Black "Fadi, Marko"]
[Result "1-0"]
[WhiteTitle "IM"]
[BlackTitle "FM"]
[WhiteElo "2420"]
[BlackElo "2298"]
[WhiteFideId "14407701"]
[BlackFideId "10605371"]
[EventDate "2025.06.24"]

1. e4 c5 2. d3 Nc6 3. g3 g6 4. Bg2 Bg7 5. f4 d6 6. Nf3 e5 7. Nc3 Nge7 8. O-O O-O
9. f5 gxf5 10. Nh4 Nd4 11. Qh5 f4 12. Rf2 f5 13. gxf4 Be6 14. fxe5 dxe5 15. exf5
Nexf5 16. Bg5 Qe8 17. Qxe8 Raxe8 18. Nxf5 Rxf5 19. Rxf5 Bxf5 20. Rc1 b5 21. Bd5+
Kh8 22. Kg2 Rf8 23. Ne4 c4 24. Ng3 Bg4 25. dxc4 bxc4 26. c3 Ne6 27. Be3 Nf4+ 28.
Bxf4 exf4 29. Ne4 Bh6 30. Re1 f3+ 31. Kg3 Bh5 32. Nf2 Bg5 33. Re6 Bf4+ 34. Kh4
Bf7 35. Rf6 Kg7 36. Rxf7+ Rxf7 37. Bxf7 Kxf7 38. Kg4 Bc1 39. Kxf3 Bxb2 40. Nd1
Ba3 41. Ke4 Bc5 42. Kd5 Bg1 43. h3 Kf6 44. Kxc4 Kf5 45. Kd5 Kf4 46. c4 Kg3 47.
c5 Kxh3 48. c6 Bh2 49. Nf2+ Kg2 50. Ne4 Bf4 51. Nd6 h5 52. c7 h4 53. c8=Q h3 54.
Qg4+ Bg3 55. Ne4 Kh1 56. Qxg3 h2 57. Nf2# 1-0

[Event "Titled Tue 24th Jun Late"]
[Site "chess.com INT"]
[Date "2025.06.24"]
[Round "2"]
[White "Izafatava, Kira"]
[Black "Bold, Andre"]
[Result "0-1"]
[WhiteTitle "WCM"]
[BlackTitle "CM"]
[WhiteElo "2036"]
[BlackElo "2235"]
[WhiteFideId "13521705"]
[BlackFideId "16208471"]
[EventDate "2025.06.24"]

1. e4 c5 2. Nf3 Nc6 3. d4 cxd4 4. Nxd4 e5 5. Nb5 a6 6. Nd6+ Bxd6 7. Qxd6 Qf6 8.
Qd1 Qg6 9. Nc3 Nf6 10. f3 O-O 11. Be3 Rd8 12. Qd2 d5 13. Nxd5 Nxd5 14. exd5 Nd4
15. Bxd4 exd4 16. O-O-O Rxd5 17. Bd3 Qf6 18. Rhe1 Rd8 19. Re2 Be6 20. Kb1 Rac8
21. Rde1 g6 22. f4 Bf5 23. Bxf5 Qxf5 24. Re5 Qg4 25. f5 Qh4 26. g3 Qf6 27. g4
Qc6 28. g5 Re8 29. f6 Rxe5 30. Rxe5 Re8 31. Rxe8+ Qxe8 32. b3 Qe5 33. h4 h6 34.
Qg2 Qe1+ 35. Kb2 Qc3+ 36. Ka3 Qc5+ 37. Kb2 hxg5 38. hxg5 Qc3+ 39. Kc1 Qe1+ 40.
Kb2 Qc3+ 41. Kc1 d3 42. Qf2 Kf8 43. Qg2 Qa1+ 44. Kd2 dxc2 45. Ke3 Qe5+ 46. Qe4
Qxe4+ 47. Kxe4 c1=Q 48. Kd5 Qc6+ 49. Kd4 Qe6 50. Kd3 Ke8 51. Kd2 Kd8 52. Kc3 Kc8
53. Kd3 Kb8 54. Kc3 Ka8 55. Kd3 Ka7 0-1

[Event "Titled Tue 24th Jun Late"]
[Site "chess.com INT"]
[Date "2025.06.24"]
[Round "2"]
[White "Yang, Larry"]
[Black "Frempong-Smart Daniel"]
[Result "1-0"]
[BlackTitle "CM"]
[WhiteElo "2017"]
[BlackElo "1841"]
[WhiteFideId "2637618"]
[BlackFideId "12601659"]
[EventDate "2025.06.24"]

1. e4 d5 2. exd5 Qxd5 3. Nc3 Qd6 4. d4 Nf6 5. Nf3 a6 6. Bc4 b5 7. Bb3 Bb7 8. O-O
e6 9. Ne5 c5 10. Bf4 c4 11. Ng6 Qc6 12. d5 Nxd5 13. Nxd5 fxg6 14. Nc7+ Kf7 15.
f3 Qc5+ 16. Kh1 e5 17. Qd8 Nc6 18. Qd7+ Qe7 19. Qd5+ Kf6 20. Nxa8 Bxa8 21. Bg3
Qd6 22. Bxc4 bxc4 23. Qxc4 Qd4 24. Qb3 Qb4 25. Qd5 Qc5 26. Qd7 Be7 27. Rad1 Rd8
28. Qc7 Nd4 29. Qxc5 Bxc5 30. Rfe1 Bd6 31. c3 Nc6 32. b4 Bc7 33. a3 Kf5 34. Bf2
Ke6 35. Bc5 Rxd1 36. Rxd1 Bb7 37. a4 Bc8 38. b5 axb5 39. axb5 Na5 40. b6 Bb8 41.
Ra1 Nb3 42. Ra8 Nxc5 43. Rxb8 Bd7 44. b7 Nxb7 45. Rxb7 g5 46. Kg1 g6 47. Kf2 h5
48. g3 Kd6 49. Rb6+ Bc6 50. Rb8 Bd7 51. Rg8 Bf5 52. Ke3 Bb1 53. h4 gxh4 54. gxh4
Kd5 55. Rc8 1-0

[Event "Titled Tue 24th Jun Late"]
[Site "chess.com INT"]
[Date "2025.06.24"]
[Round "2"]
[White "Stamatiou, Rodolfos"]
[Black "Bachmann, Axel"]
[Result "0-1"]
[WhiteTitle "FM"]
[BlackTitle "GM"]
[WhiteElo "2269"]
[BlackElo "2570"]
[WhiteFideId "25826530"]
[BlackFideId "3700488"]
[EventDate "2025.06.24"]

1. e4 c5 2. Nf3 e6 3. d4 cxd4 4. Nxd4 a6 5. c4 Nf6 6. Nc3 Qc7 7. a3 b6 8. Be2
Bb7 9. f3 Nc6 10. Be3 Ne5 11. Rc1 d6 12. O-O Be7 13. b4 O-O 14. Qe1 Rac8 15. Qf2
Rfe8 16. Na4 Nfd7 17. Nb3 Bd8 18. c5 dxc5 19. bxc5 b5 20. Nb6 Nxb6 21. cxb6 Qb8
22. Na5 Be7 23. Bf4 f6 24. Rxc8 Rxc8 25. Bd1 Rc3 26. Qa2 Bc8 27. b7 Bd7 28. Bb3
Kf7 29. Rd1 Bd6 30. Qd2 Rd3 31. Qxd3 Nxd3 32. Bxd6 Qxd6 33. Rxd3 Qb6+ 34. Kf1
Ke7 35. Ke2 Be8 36. Rc3 Qxa5 37. b8=Q Qxc3 38. Bd1 Qxa3 39. Qb7+ Bd7 40. Qa8
Qb2+ 41. Kf1 Qc1 42. Ke2 Qc8 43. Qa7 b4 44. Kf2 Qc6 45. Qb8 Qd6 46. Qg8 Qxd1 47.
Qxg7+ Kd6 48. Qf8+ Kc6 49. Qxb4 Qd6 50. Qa4+ Kb7 51. Qc2 Qb6+ 52. Kg3 Qc7+ 53.
Qxc7+ Kxc7 54. e5 fxe5 0-1

[Event "Titled Tue 24th Jun Late"]
[Site "chess.com INT"]
[Date "2025.06.24"]
[Round "2"]
[White "Sjugirov, Sanan"]
[Black "Jarmula, Lukasz"]
[Result "1-0"]
[WhiteTitle "GM"]
[BlackTitle "GM"]
[WhiteElo "2635"]
[BlackElo "2440"]
[WhiteFideId "4189302"]
[BlackFideId "1160664"]
[EventDate "2025.06.24"]

1. Nf3 Nf6 2. g3 g6 3. Bg2 Bg7 4. O-O O-O 5. d4 d6 6. Re1 c5 7. dxc5 dxc5 8.
Qxd8 Rxd8 9. Na3 Nc6 10. c3 Nd5 11. Bd2 Nb6 12. Rad1 Be6 13. Ng5 Bxa2 14. Bc1
Bb3 15. Rd3 c4 16. Rxd8+ Rxd8 17. Ne4 Na4 18. Nd2 Ba2 19. Ndxc4 Nc5 20. Be3 Na4
21. Ra1 Bb3 22. Bxc6 bxc6 23. Bxa7 Ra8 24. Bd4 f6 25. Nd2 Bd5 26. Nc2 c5 27. Be3
Nxb2 28. Rxa8+ Bxa8 29. Bxc5 Na4 30. Bb4 f5 31. c4 Kf7 32. Kf1 Bc6 33. Nf3 h6
34. Ncd4 Be4 35. Nb5 Nb6 36. Nd2 Bc6 37. Na7 Ba8 38. c5 Nd5 39. Ba5 Bd4 40. Nb3
Be5 41. Nb5 Bc6 42. N3d4 Ba8 43. c6 Bxd4 44. Nxd4 e5 45. Nf3 e4 46. Nd4 e3 47.
f3 Ke7 48. c7 Kd7 49. Nb5 Bb7 50. h4 Ba6 51. Nd4 f4 52. g4 g5 53. h5 Nxc7 54.
Bxc7 Kxc7 55. Nf5 1-0

[Event "Titled Tue 24th Jun Late"]
[Site "chess.com INT"]
[Date "2025.06.24"]
[Round "2"]
[White "Adewumi, Tanitoluwa"]
[Black "Craciun, Sasha-Matei"]
[Result "0-1"]
[WhiteTitle "FM"]
[BlackTitle "FM"]
[WhiteElo "2362"]
[BlackElo "2320"]
[WhiteFideId "30966396"]
[BlackFideId "1281186"]
[EventDate "2025.06.24"]

1. d4 d5 2. c4 e6 3. cxd5 exd5 4. Nc3 c6 5. Bf4 Nf6 6. Nf3 Be7 7. e3 Bf5 8. Nh4
Bg4 9. Qc2 Nh5 10. Bxb8 Rxb8 11. Nf5 Bxf5 12. Qxf5 Nf6 13. Bd3 Qd7 14. Qf4 O-O
15. O-O Bd6 16. Qf3 Rfe8 17. a3 a5 18. g3 h6 19. Rab1 Qg4 20. Qxg4 Nxg4 21. b4
axb4 22. axb4 b5 23. e4 dxe4 24. Bxe4 Rb6 25. Rfc1 Nf6 26. Bf3 Ra8 27. Rb3 Kf8
28. Kg2 Ke7 29. d5 cxd5 30. Nxd5+ Nxd5 31. Bxd5 Ra7 32. Re3+ Kd8 33. Bc6 Re7 34.
Rd3 Re6 35. Bd5 Rf6 36. Bc6 Ke7 37. Rd5 Bxb4 38. Rd7+ Kf8 39. Rd8+ Ke7 40. Re8+
Kd6 41. Rc8 Re6 42. f4 Ke7 43. Re8+ Kf6 44. Rc8 g6 45. h4 h5 46. Kf3 Be7 47. Bd5
Red6 48. Ke4 Ra6 49. R8c7 Ra4+ 50. Kf3 Rxd5 51. R1c6+ Rd6 52. Rc3 b4 53. Re3 Re6
54. Rd3 Ra3 55. Rxa3 bxa3 56. Ra7 Rb6 57. g4 Rb3+ 58. Ke4 hxg4 59. Ra6+ Kg7 60.
h5 gxh5 61. Kf5 Rb5+ 62. Ke4 g3 63. f5 h4 64. Rxa3 Bxa3 65. Kf4 g2 66. Kg5 g1=Q+
67. Kh5 Rxf5+ 68. Kxh4 Qg5+ 69. Kh3 Rf3+ 70. Kh2 Qg3+ 71. Kh1 Rf1# 0-1